| 000 | 01038nam0a22002411 4500 | ||
|---|---|---|---|
| 001 | rc\340025 | ||
| 005 | 20250621045105.0 | ||
| 035 | _a(NLR Aleph) 005582106 | ||
| 090 |
_a6123201 _c6123201 |
||
| 100 | _a20030307d1989 |||y0rusy50 ca | ||
| 101 | 0 | _arus | |
| 102 | _aRU | ||
| 105 | _ay ||||||||| | ||
| 200 | 1 |
_aПолимерные биорастворимые лекарственные пленки при профилактике и лечении послеоперационных раневых осложнений _eМетод. рекомендации (с правом переизд. мест. органами здравоохранения) _fМ-во здравоохранения РСФСР _g[Сост. В.Л. Леменев и др.] |
|
| 210 |
_aМ. _cБ. и. _d1989 |
||
| 215 |
_a7, [1] с. _d20 |
||
| 702 | 1 |
_aЛеменев _bВ.Л. _4220 |
|
| 712 | 0 | 1 |
_aРСФСР _bМ-во здравоохранения |
| 801 | 0 |
_aRU _bNLR _gpsbo |
|
| 801 | 1 |
_aRU _bELAR _2rusmarc |
|
| 852 |
_aNLR _j89-4/17904 |
||
| 942 | _cBOOK | ||
| 980 | _aNB | ||